| 000 | 00436nam a22001577a 4500 | ||
|---|---|---|---|
| 020 | _a9694973022 | ||
| 082 |
_a346.082549103 _bKAZ |
||
| 100 | _aKazi, Fazul Suleiman | ||
| 245 |
_aHandbook of Banking Terms / _cFazul Suleiman Kazi |
||
| 250 | _a2nd Edition. | ||
| 260 |
_aKarachi : _bRoyal Book Company, _c2023. |
||
| 300 | _a366 p. | ||
| 563 | _aPB. | ||
| 650 |
_aLaw, Banking Terms, Banking Laws _9128391 |
||
| 942 |
_2ddc _cBK |
||
| 999 |
_c613368 _d613368 |
||